000 00798nam a22002417a 4500
003 UA-OsUOA
001 74097
007 ta
008 20110328b un ||||| |||| 00| 0 ukr d
100 _aЄфіменко Г.Г.
090 _a330(477)"1917/1919"
_bЕ99
942 _cBK
040 _aUA-OsUOA
_bukr
_cUA-OsUOA
_dUA-OsUOA
245 _aВзаємовідносини Кремля та радянської України: економічний аспект (1917 - 1919рр.)
_bмонографія
300 _a230 с.
955 _a2
041 _aukr
080 _a330(477)"1917/1919"
020 _a978-966-02-4918-9
260 _aК.
_bІнститут історії України
_c2008
650 7 _a330 Економіка взагалі
_2UDC
999 _c360386
_d360386